000 00737cam a2200217 a 4500
001 000005701
005 20200929151742.0
008 960322s1996 nyua b 001 0deng
020 _a0684810301
040 _aDO-SdBNP
_cDLC
_dDLC
082 _a320.973
_bM438k
100 1 _aMatthews, Christopher,
_d1945-
_916099
245 1 0 _aKennedy & Nixon :
_bthe rivalry that shaped postwar America /
_cChristopher Matthews.
246 3 _aKennedy and Nixon.
260 _aNew York :
_bSimon & Schuster,
_c1996.
300 _a377 p. :
_bil. ;
_c25 cm.
504 _aIncluye bibliografía.
651 4 _aEstados Unidos
_xPolìtica Y Gobierno
_y1961-1963
_912445
650 4 _aPresidentes
_zEstados Unidos
_916100
910 _aCatalogación por copia / LC
999 _c5497
_d5497